000 02129nam a2200481 a 4500
001 ebr10442139
003 CaPaEBR
006 m u
007 cr cn|||||||||
008 000615s2001 ncua sb 001 0 eng d
010 _z 00055958
020 _z0807825816 (cloth : alk. paper)
020 _z9780807825815
020 _z9780807899298 (e-book)
040 _aCaPaEBR
_cCaPaEBR
035 _a(OCoLC)698114957
043 _an-usu--
_an-us---
050 1 4 _aPS217.C58
_bF34 2001eb
082 0 4 _a810.9/358
_221
100 1 _aFahs, Alice.
245 1 4 _aThe imagined Civil War
_h[electronic resource] :
_bpopular literature of the North & South, 1861-1865 /
_cAlice Fahs.
260 _aChapel Hill [N.C.] :
_bUniversity of North Carolina Press,
_cc2001.
300 _axi, 410 p. :
_bill.
490 1 _aCivil War America
500 _aRevision of the author's thesis (doctoral)--New York University.
504 _aIncludes bibliographical references nd index.
533 _aElectronic reproduction.
_bPalo Alto, Calif. :
_cebrary,
_d2013.
_nAvailable via World Wide Web.
_nAccess may be limited to ebrary affiliated libraries.
650 0 _aWar and literature
_zSouthern States
_xHistory
_y19th century.
650 0 _aAmerican literature
_zSouthern States
_xHistory and criticism.
650 0 _aPopular literature
_zSouthern States
_xHistory and criticism.
650 0 _aWar and literature
_zUnited States
_xHistory
_y19th century.
650 0 _aAmerican literature
_y19th century
_xHistory and criticism.
650 0 _aPopular literature
_zUnited States
_xHistory and criticism.
650 0 _aWar stories, American
_xHistory and criticism.
650 0 _aWar poetry, American
_xHistory and criticism.
650 0 _aWar in literature.
651 0 _aUnited States
_xHistory
_yCivil War, 1861-1865
_xLiterature and the war.
651 0 _aSouthern States
_xIn literature.
655 7 _aElectronic books.
_2local
710 2 _aebrary, Inc.
830 0 _aCivil War America.
856 4 0 _uhttp://site.ebrary.com/lib/rucke/Doc?id=10442139
_zAn electronic book accessible through the World Wide Web; click to view
999 _c246238
_d246238